LEADER 00897nam0-22003131i-450- 001 990006809860403321 005 20001010 035 $a000680986 035 $aFED01000680986 035 $a(Aleph)000680986FED01 035 $a000680986 100 $a20001010d--------km-y0itay50------ba 101 0 $aita 105 $ay-------001yy 200 1 $aLettere pastorali$e1876-1905$fGiovanni Battista Scalabrini$ged. integrale a cura di Ottaviano Sartori. 210 $aTorino$cSei$d1994. 215 $aXXVI, 750 p.$d21 cm 225 1 $a<>contemplativi nel mondo$v 676 $a252.02 700 1$aScalabrini,$bGiovanni Battista$0252137 702 1$aSartori,$bOttaviano 801 0$aIT$bUNINA$gRICA$2UNIMARC 901 $aBK 912 $a990006809860403321 952 $aXIV H 242$b24553$fFSPBC 959 $aFSPBC 996 $aLettere pastorali$9633383 997 $aUNINA DB $aGEN01 LEADER 01605nam2 22003373i 450 001 SUN0045638 005 20150204125940.346 100 $a20060526d1939 |0itac50 ba 101 $aita 102 $aIT 105 $a|||| ||||| 200 1 $aˆ3.2.1: La ‰filiazione$fAntonio Cicu. Gli alimenti$fa cura della redazione 205 $aTorino : UTET$b1939 210 $d345 p. ; 26 cm 215 $aFondo Raffaele Papa. 461 1$1001SUN0004809$12001 $a*Trattato di diritto civile italiano$fredatto da diversi giureconsulti sotto la direzione di Filippo Vassalli$v3.2.1$1210 $aTorino$cUnione tipografica editrice torinese$1215 $avol.$d25 cm. 606 $aFiliazione$2FI$3SUNC000599 606 $aAlimenti $2FI$3SUNC003231 620 $dTorino$3SUNL000001 676 $a347.6$v21 700 1$aCicu$b, Antonio$3SUNV001377$0226775 702 1$aTedeschi$b, Guido$3SUNV006195 712 $aUTET$3SUNV000072$4650 801 $aIT$bSOL$c20181109$gRICA 912 $aSUN0045638 950 $aUFFICIO DI BIBLIOTECA DEL DIPARTIMENTO DI GIURISPRUDENZA$d00 CONS XV.Ef.193 $e00 FP 28111 950 $aUFFICIO DI BIBLIOTECA DEL DIPARTIMENTO DI GIURISPRUDENZA$d00 CONS XV.Ef.193 bis $e00 FP 276316 995 $aUFFICIO DI BIBLIOTECA DEL DIPARTIMENTO DI GIURISPRUDENZA$gFP$h28111$kCONS XV.Ef.193$op$qa 995 $aUFFICIO DI BIBLIOTECA DEL DIPARTIMENTO DI GIURISPRUDENZA$gFP$h276316$kCONS XV.Ef.193 bis$oc$qa 996 $aFiliazione$969194 997 $aUNICAMPANIA